Представление документа в формате RUSMARC

ПолеНазваниеЗначение
  Тип записи a
  Библиографический уровень m
001 Контрольный номер UONB/MAIN/df87b4a8ec38498d98da265ae6401bf2
005 Дата корректировки 20260429165604.3
010 Индекс ISBN __
b Уточнения в пер.
d Цена 92 к.
9 Тираж 7900 экз.
100 Данные общей обработки __
a Данные общей обработки 20260429d1976 u y0rusy0189 ca
101 Язык документа 0_
a Язык текста rus
102 Страна публикации __
a Страна публикации RU
105 Кодированные данные (монография) __
a Кодированные данные (монография) y j 001yy
200 Заглавие и сведения об ответственности 1_
a Заглавие Экономика минерального сырья и геологоразведочных работ
e Сведения, относящиеся к заглавию учебное пособие для геологических специальностей вузов
f Первые сведения об ответственности Л. П. Кобахидзе, Г. П. Синягин, Н. А. Быховер [и др.]
g Последующие сведения об ответственности научный редактор М. И. Агошков
203 Вид содержания и тип средства __
a Вид содержания Текст
b Характеристика содержания визуальный
c Тип средства непосредственный
205 Сведения об издании __
a Основные сведения об издании 2-е изд., перераб. и доп.
210 Выходные данные 1_
a Место издания Москва
c Издательство Недра
d Дата издания 1976
215 Физическое описание __
a Объем 333 с.
d Формат 22 см
320 Библиография __
a Библиография Библиогр.: с. 328-329
606 Тематические рубрики 0_
a Основная рубрика Минеральное сырье
j Формальный подзаголовок Учебники и пособия
606 Тематические рубрики 0_
a Основная рубрика Геологоразведочные работы
x Основная подрубрика Экономика
j Формальный подзаголовок Учебники и пособия
610 Ключевые слова 0_
a Ключевые слова минеральное сырье; геологоразведочные работы; экономика
675 Индекс УДК __
a Индекс УДК 553.1
701 Альтернативная интеллектуальная ответственность _1
a Фамилия Кобахидзе
b Имя (инициалы) Л. П.
g Полное личное имя Любовь Павловна
701 Альтернативная интеллектуальная ответственность _1
a Фамилия Синягин
b Имя (инициалы) Г. П.
701 Альтернативная интеллектуальная ответственность _1
a Фамилия Быховер
b Имя (инициалы) Н. А.
701 Альтернативная интеллектуальная ответственность _1
a Фамилия Быховер
b Имя (инициалы) Н. А.
702 Вторичная интеллектуальная ответственность _1
a Фамилия Агошков
b Имя (инициалы) М. И.
g Полное личное имя Михаил Иванович
4 Код отношения 340
801 Источник записи _0
a Страна RU
b Организация Ульяновская ОНБ
c Дата составления 20260429
g Правила каталогизации RCR
801 Источник записи _1
a Страна RU
b Организация Ульяновская ОНБ
c Дата составления 20260429
g Правила каталогизации RCR
901 Тип документа __
t Тип документа m
909 Создатель записи __
a Создатель записи Кадыкова
b Дата создания записи 20260429